000 00550nam a2200169Ia 4500
003 LK-CoDNM
008 010623t xxu||||| |||| 00| 1 sin d
040 _aLK-CoDNM
_dLK-CoDNM
_eLK-CoDNM
041 _asin
080 _a641
_bEKS
245 _aවඩා හොඳ සෞඛ්‍ය තත්වයක් සඳහා දුමි රහිත උදුන
246 _aVada hoda saukya thathvayak sadahaa dum rahitha udun
260 _bEksath jathiingee lama aramudala
_aColombo
300 _b12, 22 cm
650 _aHome Economics
942 _cBK
999 _c140873
_d140873